Statistics for Most Followed Soccer Players On Instagram

Click here to take the quiz!

General Stats

  • This quiz has been taken 48 times
    (10 since last reset)
  • The average score is 28 of 54

Answer Stats

CountryFollowersName% Correct
Portugal598,9 milCristiano Ronaldo
100%
Argentina481,3 milLionel Messi
100%
Brazil210,5 milNeymar Jr.
100%
France106,0 milKylian Mbappé
86%
Uruguay48,5 milLuis Suárez
86%
Croatia32,0 milLuka Modric
86%
Poland34,5 milRobert Lewandowski
86%
Sweden62,1 milZlatan Ibrahimovic
86%
Chile16,7 milAlexis Sánchez
71%
France40,9 milAntoine Griezmann
71%
Norway34,9 milErling Haaland
71%
Wales51,6 milGareth Bale
71%
England17,2 milHarry Kane
71%
Colombia52,1 milJames Rodríguez
71%
France72,6 milKarim Benzema
71%
Belgium23,4 milKevin De Bruyne
71%
Egypt61,8 milMohamed Salah
71%
Brazil43,5 milVinícius Júnior
71%
Morocco20,6 milAchraf Hakimi
57%
Spain42,6 milAndrés Iniesta
57%
Brazil22,0 milCarlos Casemiro
57%
Belgium27,1 milEden Hazard
57%
Argentina15,2 milEmiliano Martínez
57%
Netherlands15,1 milFrenkie de Jong
57%
Costa Rica18,9 milKeylor Navas
57%
Germany15,2 milMarc-André ter Stegen
57%
Brazil22,2 milThiago Silva
57%
Netherlands15,5 milVirgil van Dijk
57%
Brazil24,3 milDavid Luiz
43%
Spain15,7 milGavi
43%
Croatia17,9 milIvan Rakitic
43%
England15,4 milJude Bellingham
43%
Brazil15,8 milLucas Paquetá
43%
Germany27,8 milMesut Ozil
43%
Argentina57,2 milPaulo Dybala
43%
France59,7 milPaul Pogba
43%
France22,5 milRaphael Varane
43%
Brazil22,9 milRicharlison
43%
France39,9 milZinédine Zidane
43%
Spain21,2 milÁlvaro Morata
29%
Argentina26,1 milÁngel Di María
29%
Brazil23,3 milGabriel Jesus
29%
Spain16,5 milJordi Alba
29%
Argentina16,1 milJulián Álvarez
29%
Netherlands16,8 milMemphis Depay
29%
Spain59,5 milSergio Ramos
29%
Germany41,1 milToni Kroos
29%
Chile20,2 milArturo Vidal
14%
Brazil38,4 milDani Alves
14%
Brazil64,4 milMarcelo Vieira
14%
Colombia16,0 milRadamel Falcao
14%
Spain29,2 milIsco Alarcon
0%
Brazil25,5 milPhilippe Coutinho
0%
Brazil15,0 milRodrygo Goes
0%

Score Distribution

Percentile by Number Answered

Percent of People with Each Score

Your Score History

You have not taken this quiz since the last reset